| 000 | 01290cam a2200253 4500 | ||
|---|---|---|---|
| 001 | ABS63932 | ||
| 008 | 000000n2001 000 0 eng u | ||
| 035 | _a(Sirsi) u112937 | ||
| 100 | _aBrown, J | ||
| 245 | _aNot bad, but not perfect | ||
| 260 | _c2001 | ||
| 490 |
_aBuilding _v266(8186) 25 May 2001, 56(1) |
||
| 520 | _aSummary of results from Lee Crowder's adjudication survey. Forty-eight contractors responded to questions about the overall adjudication process, adjudicator's fees, suggestions for improvement, the number of cases they have been involved in, and whether they were the referring party. Key findings include: 67% of contractors considered the adjudication process satisfactory and 51% felt adjudicators should have more time to deliver their decisions. A more detailed analysis is available from Julie Harris on 0121 236 4477 or email: [email protected]. | ||
| 590 | _aABS | ||
| 650 |
_aDISPUTE RESOLUTION _96236 |
||
| 650 | _aCONTRACTORS | ||
| 650 | _aFEES | ||
| 650 | _aCONSTRUCTION DISPUTES | ||
| 650 | _aMANAGEMENT-DISPUTE AVOIDANCE, MANAGEMENT AND RESOLUTION-DISPUTE MANAGEMENT AND RESOLUTION-ALTERNATIVE DISPUTE RESOLUTION-ADJUDICATION | ||
| 650 | _aSURVEYS | ||
| 650 | _aTIME LIMITS | ||
| 690 | _aBUILT ENVIRONMENT | ||
| 942 | _n0 | ||
| 999 |
_c67227 _d67227 |
||